#2 Tenable - Former Soviet Countries - Statistics

General Stats
  • This quiz has been taken 197 times
  • The average score is 8 of 10
Answer Stats
? Answer % Correct
? Ukraine
93%
? Belarus
89%
? Latvia
89%
? Estonia
87%
? Lithuania
86%
? Georgia
75%
? Russia
74%
? Azerbaijan
70%
? Armenia
69%
? Moldova
63%
No matching quizzes found
Score Distribution
Percent of People with Each Score
Percentile by Number Answered
Your Score History
You have not taken this quiz